Latijnse woorden vertaling - Statistieken

Algemene statistieken
  • Deze quiz is 101 keer genomen
  • De gemiddelde score is 8 van 15
Antwoordstatistieken
Hint Antwoord % Correct
Amicus de vriend
92%
Nox de nacht
81%
Equus het paard
79%
Decem tien
79%
Mors de dood
78%
Flumen de rivier
64%
Sagitta de pijl
46%
Tamen toch
44%
Deinde daarna
43%
Magis meer
35%
Iterum opnieuw
29%
Comes de kameraad
25%
Fons de bron
24%
Onus de last
19%
Fessus vermoeid
18%
Geen overeenkomende quizzen gevonden
Scoreverdeling
Procent van Mensen met Elke Score
Percentiel versus Aantal Correcte Antwoorden
Uw Scoregeschiedenis
U heeft deze quiz nog niet genomen